| 000 | 00509nam a2200169 i 4500 | ||
|---|---|---|---|
| 001 | 33853 | ||
| 003 | ES-MaACL | ||
| 005 | 20230906154831.0 | ||
| 007 | t| | ||
| 008 | 030203s1973 sp ||||1| cat d | ||
| 100 | 1 |
_aBlade Desumvila, A. _929079 |
|
| 245 | 1 | 0 |
_aViatge a l'esperança _b: (Impressions d'un viatge a la nostra terra l'any 1956) / _cA. Blade Desumvila. |
| 250 | _a[1ª ed.]. | ||
| 260 |
_a[Barcelona : _bPáortic, _c1973] |
||
| 300 |
_a150 p. ; _c18 cm. |
||
| 852 |
_aES-MaACL _jC-54144 _bR.87067 |
||
| 999 |
_c33853 _d33853 |
||